000 00882nam a22002297a 4500
999 _c2973
_d2973
003 AR-CdUCM
008 190305b ||||| |||| 00| 0 spa d
040 _aMUNICIPALIDAD PROVINCIAL DEL CUSCO
_cBIBLIOTECA MUNICIPAL DEL CUSCO
082 _a338.980 /
_bK16
100 _aKahl, Joseph A.
_910164
245 _aLa industrialización en América Latina /
260 _aMexico, D. F :
_bFondo de cultura económica,
_c1965.
300 _a568 pagina ;
_c24 cm.
505 _aEl crecimiento de la población brasileña -- La población rural y urbana en México -- Experimentos sobre cambios sociales -- Filosofía de la política demográfica en latinoamerica ...
650 _aIndustrialización
_91455
650 _aCiencias sociales
_91096
650 _aDesarrollo
_92021
650 _aSociología
_9276
650 _aAmérica latina
_94491
942 _2ddc
_cLIBROS
945 _aacv